banner-ar

كتاب الايضاح لقوانين الاصطلاح فى الجدل والمناظرة / (Record no. 35612)

MARC details
000 -الفاتح
حقل البيانات ثابتة الطول 00972nam a2200217Ia 4500
008 - عناصر البيانات ثابتة الطول - معلومات عامة
حقل البيانات ثابتة الطول 140319s9999 xx 000 0 ara d
040 ## - مصدر الفهرسة
وكالة الفهرسة الأصلية GCL /
وكالة النسخ GCL
082 04 - رقم تصنيف ديوى العشرى
رقم التصنيف 251.1
رقم المادة ج ك
100 1# - المدخل الرئيسى - إسم شخصى
الإسم الشخصى ابن الجوزى : ابو المحاسن محىالدين يوسف بن عبدالرحمن بن على بن محمد بن على البغدادى
245 10 - بيان العنوان
العنوان كتاب الايضاح لقوانين الاصطلاح فى الجدل والمناظرة /
بيان المسئوليه,etc ابن الجوزى : ابو المحاسن محىالدين يوسف بن عبدالرحمن بن على بن محمد بن على البغدادى
700 1# - المدخل الاضافى - اسم شخصى
الإسم الشخصى محمود بن محمد السيد الدغيم
260 ## - PUBLICATION, DISTRIBUTION, ETC. (IMPRINT)
تاريخ النشر أو التوزيع 1995
300 ## - الوصف المادى
التعداد 641 ص
490 ## - بيان السلسلة
عنوان السلسلة
650 04 - المدخل الاضافى بالموضوع-مصطلح موضوعى
مصطلح موضوعي الفلسفة الاسلامية
650 04 - المدخل الاضافى بالموضوع-مصطلح موضوعى
مصطلح موضوعي الاسلام
650 04 - المدخل الاضافى بالموضوع-مصطلح موضوعى
مصطلح موضوعي الاحكام الشرعية
650 04 - المدخل الاضافى بالموضوع-مصطلح موضوعى
مصطلح موضوعي الشريعة الاسلامية
942 ## - عناصر المدخل الإضافي( كوها)
مصدر التصنيف او مخطط الترفيف Dewey Decimal Classification
Koha [default] item type كتاب
260 ## - PUBLICATION, DISTRIBUTION, ETC. (IMPRINT)
-- [S.N] :
-- مكتبة مدبولى ،
Holdings
حالة التراجع حالة الفقد حالة تلف ليس للاعارة المكان المؤقت الموقع الحالى تاريخ الاكتساب اجمالي اﻻعارات رقم الطلب الباركود تاريخ اخر مشاهدة تاريخ تفعيل السعر نوع وعاء كوها
        مكتبة القاهرة الكبرى مكتبة القاهرة الكبرى 03/26/2014   251.1\ج ك 86762 03/26/2014 03/26/2014 كتاب
        مكتبة القاهرة الكبرى مكتبة القاهرة الكبرى 03/26/2014   251.1\ج ك 86763 03/26/2014 03/26/2014 كتاب

Powered By

EGPV